Same but different #3 - Statistics

General Stats
  • This quiz has been taken 47 times
  • The average score is 11 of 15
Answer Stats
Clues Answer % Correct
A lettered piece in Scrabble™; or, something found on a roof Tile
95%
007 or a connection between parts Bond
90%
A fortress or a chess piece Castle
90%
Plural of small, yellow birds, or a group of islands belonging to Spain Canaries
87%
Someone who writes a cheque, or, it slides in and out of a desk Drawer
85%
The combination of two plants, or, a car which is electric and petrol driven Hybrid
85%
A double decker or the B in USB Bus
82%
An agricultural vehicle or can be the front of an articulated truck Tractor
79%
Many blades of this, make a lawn, or it can be a tell-tale Grass
74%
A machine to work the land or another word for a cash register Till
69%
Hanna Barbera cartoon...... Phooey, or a autonomous region of China Hong Kong
67%
A chemical in its purest form, or, the part that heats up in a kettle Element
54%
Can mean 'light-coloured' or collectively rides, amusements, games etc Fair
46%
A Scottish bus company or the carriage, horse-drawn in a western Stagecoach
46%
A type of robbery, or can be a type of nylon stocking Holdup
28%
No matching quizzes found
Score Distribution
Percent of People with Each Score
Percentile by Number Answered
Your Score History
You have not taken this quiz